[Event "Sivagangai Tamilnadu op U11 32th"]
[Site "Sivagangai Tamilnadu"]
[Date "2018.07.28"]
[Round "1.4"]
[White "Rohit, S3333"]
[Black "Dillish, L."]
[Result "1-0"]
[WhiteElo "1893"]
[BlackElo "1163"]
[PlyCount "61"]
[EventDate "2018.07.28"]
[EventType "swiss"]
[EventRounds "11"]
[EventCountry "IND"]
[SourceTitle "EXT 2024"]
[Source "ChessBase"]
[SourceDate "2023.10.10"]
[SourceVersion "1"]
[SourceVersionDate "2023.10.10"]
[SourceQuality "1"]

1. e4 e5 2. Nf3 Nc6 3. Bb5 Nf6 4. 0-0 d6 5. Re1 Bd7 6. c3 a6 7. Ba4 Be7 8. d4 exd4 9. cxd4 0-0 10. Nc3 h6 11. e5 dxe5 12. dxe5 Nh7 13. Nd5 b5 14. Bc2 Re8 15. a3 Rb8 16. Bf4 Be6 17. Nxe7+ Nxe7 18. Qe2 c6 19. Rad1 Qc7 20. Nd4 Nf8 21. Qe4 Bd5 22. Qe3 Be6 23. Bg3 c5 24. Nxe6 Nxe6 25. Qe4 g6 26. Rd6 a5 27. Qh4 Kh7 28. Red1 Red8 29. Qf6 Ng8 30. Bxg6+ fxg6 31. Qxe6 1-0